Elaboración de un sistema de costos para los servicios que brinda el Laboratorio de Productos Forestales

Na minha lista:
Detalhes bibliográficos
Autor principal: Valverde Cubero, Berny, 1969-
Formato: Livro
Publicado em: [San José , Costa Rica]Universidad de Costa Rica, Instituto de Investigaciones en Ingeniería. Laboratorio de Productos Forestales 1998
Assuntos:
Tags: Adicionar Tag
Sem tags, seja o primeiro a adicionar uma tag!

MARC

LEADER 00000nam a2200000Ia 4500
003 PI0125
005 20240507092901.0
008 140116s1998 c a | 000 ||s d
040 |c cru CEDI  
090 |a PI-125 
100 |a  Valverde Cubero, Berny, 1969-  |9 1734 
245 |c    |a Elaboración de un sistema de costos para los servicios que brinda el Laboratorio de Productos Forestales  
260 |a  [San José , Costa Rica]Universidad de Costa Rica, Instituto de Investigaciones en Ingeniería. Laboratorio de Productos Forestales  |c 1998 
300 |a  [18 hojas] ; ilustraciones 
500 |a Informe final proyecto de investigación, no. 731-97-714  
650 |x    |9 10203 
942 |c PI  |h PI-125  |i PI0125  |6 PI_125_PI0125 
999 |c 19151  |d 19151